Физико-химическая гидродинамика пористых сред (Запись № 11624126)

Подробности
000 -МАРКЕР
контрольное поле 02558nam0a2200481 i 4500
001 - ИДЕНТИФИКАТОР ЗАПИСИ
контрольное поле RU\NLR\BIBL_A\012380358
005 - ИДЕНТИФИКАТОР ВЕРСИИ
контрольное поле 20241114180814.0
010 ## - МЕЖДУНАРОДНЫЙ СТАНДАРТНЫЙ НОМЕР КНИГИ (ISBN)
Номер (ISBN) 9785915592673
021 ## - НОМЕР ГОСУДАРСТВЕННОЙ РЕГИСТРАЦИИ
Код страны российская федерация
Номер 2020-37445
Номер Листа государственной регистраци КН-П-2834
035 ## - ДРУГИЕ СИСТЕМНЫЕ НОМЕРА
Идентификатор записи (RuMoRGB)010367804
035 ## - ДРУГИЕ СИСТЕМНЫЕ НОМЕРА
Идентификатор записи (NLR Aleph) 012380358
100 ## - ДАННЫЕ ОБЩЕЙ ОБРАБОТКИ
Данные общей обработки 20201019d2020 km y0rusy50 ca
101 1# - ЯЗЫК РЕСУРСА
Язык текста, звукозаписи и т.д. русский
Язык оригинала английский
102 ## - СТРАНА ПУБЛИКАЦИИ ИЛИ ПРОИЗВОДСТВА
Страна публикации российская федерация
105 ## - ПОЛЕ КОДИРОВАННЫХ ДАННЫХ: ТЕКСТОВЫЕ МАТЕРИАЛЫ, МОНОГРАФИЧЕСКИЕ
Кодированные данные о монографическом текстовом документе a|||z|||001zy
181 #0 - ПОЛЕ КОДИРОВАННЫХ ДАННЫХ: ВИД СОДЕРЖАНИЯ
Код вида содержания (ISBD) i
Код характеристики содержания (ISBD) axxe
182 #0 - ПОЛЕ КОДИРОВАННЫХ ДАННЫХ: ТИП СРЕДСТВА
Код типа средства (ISBD) n - непосредственное
200 1# - ЗАГЛАВИЕ И СВЕДЕНИЯ ОБ ОТВЕТСТВЕННОСТИ
Основное заглавие Физико-химическая гидродинамика пористых сред
Сведения, относящиеся к заглавию с приложениями к геонаукам и нефтяной инженерии
-- [учебное пособие]
Первые сведения об ответственности Михаил Панфилов
Последующие сведения об ответственности перевод с английского автора
203 ## - ВИД СОДЕРЖАНИЯ И ТИП СРЕДСТВА
Вид содержания Текст
Дополнительные сведения об издании визуальный
Тип средства непосредственный
210 ## - ПУБЛИКАЦИЯ, РАСПРОСТРАНЕНИЕ И ДР.
Место издания, распространения и т.д. Долгопрудный
Имя издателя, распространителя и т. д. Интеллект
Дата издания, распространения и т.д. 2020
215 ## - ФИЗИЧЕСКАЯ ХАРАКТЕРИСТИКА
Специфическое обозначение материала и объем 458 с.
Другие сведения о физической характеристике ил., табл.
Размеры 21
300 ## - ОБЩИЕ ПРИМЕЧАНИЯ
Текст примечания На 4-й с. обл. авт.: Панфилов М. Б. - проф., Лауреат гос. премии РФ в обл. науки
313 ## - ПРИМЕЧАНИЯ, ОТНОСЯЩИЕСЯ К ТЕМАТИЧЕСКОМУ ДОСТУПУ
Текст примечания подземное выщелачивание, повышение нефтеотдачи, подземное хранение газов
320 ## - ПРИМЕЧАНИЯ О НАЛИЧИИ В ДОКУМЕНТЕ БИБЛИОГРАФИИ / УКАЗАТЕЛЯ
Текст примечания Библиогр.: с. 443-452 (148 назв.)
320 ## - ПРИМЕЧАНИЯ О НАЛИЧИИ В ДОКУМЕНТЕ БИБЛИОГРАФИИ / УКАЗАТЕЛЯ
Текст примечания Предм. указ.: с. 453-458
606 ## - НАИМЕНОВАНИЕ ТЕМЫ КАК ПРЕДМЕТ
Наименование темы Химическая термодинамика
Формальный подзаголовок Учебные издания
Системный номер авторитетной/нормативной записи 1264206
Идентификатор авторитетной/нормативной записи RU\NLR\AUTH\66201862
606 ## - НАИМЕНОВАНИЕ ТЕМЫ КАК ПРЕДМЕТ
Наименование темы Выщелачивание подземное
Формальный подзаголовок Учебные издания
Системный номер авторитетной/нормативной записи 1315122
Идентификатор авторитетной/нормативной записи RU\NLR\AUTH\66229578
606 1# - НАИМЕНОВАНИЕ ТЕМЫ КАК ПРЕДМЕТ
Наименование темы Нефтяные пласты
Формальный подзаголовок Учебные издания
Тематический подзаголовок Нефтеотдача
-- Повышение
Системный номер авторитетной/нормативной записи 1721626
Идентификатор авторитетной/нормативной записи RU\NLR\AUTH\66768303
606 1# - НАИМЕНОВАНИЕ ТЕМЫ КАК ПРЕДМЕТ
Наименование темы Углекислый газ
Формальный подзаголовок Учебные издания
Тематический подзаголовок Хранение подземное
Системный номер авторитетной/нормативной записи 2455595
Идентификатор авторитетной/нормативной записи RU\NLR\AUTH\6601677141
606 1# - НАИМЕНОВАНИЕ ТЕМЫ КАК ПРЕДМЕТ
Наименование темы Водород
Формальный подзаголовок Учебные издания
Тематический подзаголовок Хранение подземное
Системный номер авторитетной/нормативной записи 1389544
Идентификатор авторитетной/нормативной записи RU\NLR\AUTH\66270651
606 ## - НАИМЕНОВАНИЕ ТЕМЫ КАК ПРЕДМЕТ
Наименование темы Пористые среды
Формальный подзаголовок Учебные издания
Тематический подзаголовок Переноса явления
Системный номер авторитетной/нормативной записи 2140058
Идентификатор авторитетной/нормативной записи RU\NLR\AUTH\661594467
686 1# - ИНДЕКСЫ ДРУГИХ КЛАССИФИКАЦИЙ
Индекс Г531я7
686 1# - ИНДЕКСЫ ДРУГИХ КЛАССИФИКАЦИЙ
Индекс Г58я7
686 1# - ИНДЕКСЫ ДРУГИХ КЛАССИФИКАЦИЙ
Индекс И330.42я7
686 1# - ИНДЕКСЫ ДРУГИХ КЛАССИФИКАЦИЙ
Индекс И361.7я7
686 1# - ИНДЕКСЫ ДРУГИХ КЛАССИФИКАЦИЙ
Индекс Л26я7
700 #1 - ИМЯ ЛИЦА - ПЕРВИЧНАЯ ОТВЕТСТВЕННОСТЬ
Начальный элемент ввода Панфилов
Часть имени, кроме начального элемента ввода М. Б.
Расширение инициалов личного имени Михаил Борисович
942 ## - ДОПОЛНИТЕЛЬНЫЕ ЭЛЕМЕНТЫ ЗАПИСИ (АБИС)
Тип экземпляра АБИС Книга
980 ## - КОЛЛЕКЦИЯ
Название коллекции НБР

Нет доступных экземпляров.